00505nam a2200109Ia 4500008004100000050002200041100002300063245016500086260008600251300002800337521003000365140724s9999 xx 000 0 und d aHD 60b.C352 2009 aCastillo, Rejoice. 4aThe inventesment preferences of retiring public Elementary and High School Teachers of Parañaque City :bBasis for Porfolio Customization /cRejoice Castillo. aLas Piñas, Philippines :bSouthville International School and Colleges,cc2009. a39 p. :bill. ;c28 cm. aHuman Resource Management